00946nam a22002297a 450000500170000001000260001702000260004303500140006903500140008303700090009708200150010610000170012124500750013825000060021326000340021927000800025330000200033394200260035399900190037995201580039895201600055620260622123720.0 aENG-144454 ENG-148890 a9789391125707c299.00 aEN-127986 aEN-132422 bDBAD a294.55521 aSen, Amiya P aSarada Devi :b Holiness, Charisma And Iconic Motherhood/cAmiya P Sen a1 aNew DelhibNiyogi Booksc2022 aBlock D, Building No. 77, Okhla Industrial Area, Phase-IbNew Delhie110020 a219p.c19cm(pb) 2ddccENh294.555mSEN c210658d210658 001040708NFICaZLSbZLSd2025-04-02eDelivery of Books Act Divisiong299.00l0o294.555 SENpEN-127986r2025-04-02 00:00:00t1v299.00w2025-04-02yEN 001040718NFICaDBADbDBADd2026-06-22eDelivery of Books Act Divisiong299.00l0o294.555 SENpEN-132422r2026-06-22 12:38:08t1v299.00w2026-06-22yEN